00511nam a22001457a 450000500170000001000150001702000250003203500140005703700130007110000260008424500980011026000410020827000620024930000540031120220623131051.0 aENG-133350 a9789381325155c75.00 aEN-116882 bDBAD/PUB aPanday, Dulal Chandra aSwami Vivekananda's Neo-Vedanta:bIn Theory&Practice: A Critical Study/cDulal Chandra Panday aKolkatabSwami Sarvabhutanandac2012 aRamakrishna Mission Institute of CulturebKolkatae700029 avii,130p.c22cm(pbk)bReferences and Bibliography